Statistics for Ariana Grande - Name the songs from her four studio albums

Click here to take the quiz!

General Stats

  • This quiz has been taken 119 times
  • The average score is 33 of 57

Answer Stats

Album Song % Correct
Dangerous WomanDangerous Woman
88%
Sweetenersweetener
81%
Sweetenerpete davidson
81%
My EverythingMy Everything
81%
Sweetenerno tears left to cry
77%
Yours TrulyThe Way
77%
My EverythingProblem
77%
Dangerous WomanSide To Side
73%
My EverythingOne Last Time
73%
My EverythingInto
73%
SweetenerGod is a woman
73%
Sweetenerget well soon
73%
My EverythingBreak Free
73%
Sweetenerblazed
69%
Sweetenerthe light is coming
69%
SweetenerR.E.M
69%
Sweetenereverytime
69%
Sweetenerbreathin
69%
Dangerous WomanInto You
69%
Sweetenergoodnight n go
69%
Dangerous WomanBe Alright
65%
Dangerous WomanMoonlight
65%
Dangerous WomanEveryday
65%
Sweetenersuccessful
65%
Yours TrulyRight There
65%
Sweetenerborderline
65%
Dangerous WomanGreedy
62%
Yours TrulyBaby I
62%
My EverythingLove Me Harder
62%
Sweetenerbetter off
58%
Dangerous WomanLet Me Love You
58%
Yours TrulyHoneymoon Avenue
58%
Yours TrulyPiano
58%
My EverythingBreak Your Heart Right Back
58%
My EverythingJust A Little Bit Of Your Heart
54%
Dangerous WomanTouch It
50%
My EverythingBang Bang
50%
Sweetenerraindrops (an angel cried)
50%
Dangerous WomanBad Decisions
50%
My EverythingBest Mistake
50%
Yours TrulyTattooed Heart
46%
My EverythingBe My Baby
46%
Dangerous WomanLeave Me Lonely
46%
Dangerous WomanThinkin Bout You
46%
My EverythingOnly 1
42%
Yours TrulyAlmost Is Never Enough
42%
My EverythingWhy Try
38%
My EverythingHands On Me
38%
Dangerous WomanKnew Better / Forever Boy
38%
Yours TrulyPopular Song
38%
Yours TrulyDaydreamin'
35%
Yours TrulyYou'll Never Know
35%
Yours TrulyBetter Left Unsaid
35%
My EverythingYou Don't Know Me
35%
Dangerous WomanI Don't Care
31%
Dangerous WomanSometimes
31%
Yours TrulyLovin' It
27%

Score Distribution

Percentile by Number Answered

Percent of People with Each Score

Your Score History

You have not taken this quiz